Responses for Show #7876 - Monday, December 3, 2018

Contestants

[<< previous game]

Bernadette Nguyen, an attorney from Mechanicsville, Maryland

Dave Leffler, a retired police officer from Pittsburgh, Pennsylvania

Elizabeth Goss, a housewife from Pleasant Ridge, Michigan (whose 1-day cash winnings total $4,799)

[next game >>]

Jeopardy! Round responses

BROTHERS GRIMM FAIRY TALES
COOKERS
THEIR TRIBUTE BAND
A FISHY SITUATION
"MIRA", MIRA
ON THE WALL
    $200 17
Cinderella

Dave
    $200 22
a toaster

Elizabeth
    $200 27
Guns N' Roses

Elizabeth
    $200 16
a swordfish

Dave
    $200 1
an admiral

Dave
    $200 6
a chalkboard

Bernadette
    $400 18
Snow White

Bernadette
    $400 23
a popcorn popper

Elizabeth
    $400 28
Earth, Wind & Fire

Bernadette
    $400 14
a tuna

Elizabeth
    $400 2
a miracle berry

Bernadette
    $400 7
a bulletin board

Dave
    $600 19
Rumpelstiltskin

Bernadette
    $600 24
clay

Dave
    $600 29
The Grateful Dead

Elizabeth
    $600 11
a barracuda

Elizabeth
    $600 3
Mirandize

Elizabeth
    $600 8
Han Solo

Bernadette
    $800 20
"The Frog Prince"

Elizabeth
    $800 25
a rotisserie

Dave
    $800 15
Steely Dan

Dave
    $800 12
a lungfish

Dave
    $800 4
the Mirage

Bernadette
    $800 9
a load-bearing wall

Bernadette
    $4,000 21
Tom Thumb

Elizabeth
    $1000 26
a pressure cooker

Bernadette
    $1000 30
ABBA

Bernadette
    $1000 13
(Bernadette: What is a seahorse?)

an anglerfish

ElizabethBernadette
    $1000 5
Emirates

Bernadette
    $1000 10
tapestries

Elizabeth

Scores at the first commercial break (after clue 15):

Elizabeth Dave Bernadette
$3,600 $2,200 $2,800

Scores at the end of the Jeopardy! Round:

Elizabeth Dave Bernadette
$9,800 $4,000 $6,200

Double Jeopardy! Round responses

FREE TIME IN ORBIT
ITALY & GERMANY UNIFIED
ART BOOKS
A LITTLE
NATIONAL HISTORIC LANDMARKS
A FILM OF A DIFFERENT COLOR
    $400 29
Buzz Lightyear

Bernadette
    $400 30
(Dave: What is Rome?)

Naples

DaveBernadette
    $400 4
the Mona Lisa

Elizabeth
    $400 9
touch

Bernadette
    $400 14
Missouri

Dave
    $400 19
panther

Dave
    $800 28
(Bernadette: What is the International Space Station?)

the Olympic torch

Bernadette
Triple Stumper
    $800 1
king of Italy

Dave
    $4,000 5
the Impressionists

Elizabeth
    $800 10
(Alex: For tadpole.)

tad

Bernadette
    $800 15
Montgomery

Bernadette
    $800 20
rain

Dave
    $1200 25
"Space Oddity"

Elizabeth
    $1200 2
Bismarck

Dave
    $1200 6
Dadaism

Triple Stumper
    $1200 11
smidgen

Dave
    $2,000 16
(Bernadette: What is the St. Paul... Cathedral?)

the Mayo Clinic

Bernadette
    $1200 21
line

Dave
    $1600 26
capillary effect

Dave
    $1600 3
the pope

Triple Stumper
    $1600 7
Henri Matisse

Triple Stumper
    $1600 12
(Dave: What is skoshi?)

skosh

ElizabethDave
    $1600 17
Father Flanagan

Elizabeth
    $1600 22
heat

Dave
    $2000 27
Skylab

Dave
    $2000 24
fatherland

Dave
    $2000 8
(Hans) Holbein

Bernadette
    $2000 13
a soupçon

Bernadette
    $2000 18
Vermont

Triple Stumper
    $2000 23
(Elizabeth: What is bullet?)
...
[Applause for Dave running the category]

streak

ElizabethDave

Scores at the end of the Double Jeopardy! Round:

Elizabeth Dave Bernadette
$16,600 $17,200 $10,200

[wagering suggestions for these scores]

Final Jeopardy! Round responses

AMERICAN BUSINESS
(Alex: [To Elizabeth] The famous [*] Brothers.)
BernadetteWhat is Kevlar?
$7,001
ElizabethWhat is Brooks? Broth
$11,599
DaveWhat is Brooks?
$16,601
Brooks

Final scores:

Elizabeth Dave Bernadette
$28,199 $33,801 $3,199
2nd place: $2,000 New champion: $33,801 3rd place: $1,000

Game dynamics:

Coryat scores:

Elizabeth Dave Bernadette
$10,400 $17,200 $12,200
16 R
(including 2 DDs),
1 W
20 R,
2 W
18 R,
3 W
(including 1 DD)

Combined Coryat: $39,800

[game clues] [game scores] [suggest correction]

Game tape date: 2018-10-30
The J! Archive is created by fans, for fans. Scraping, republication, monetization, and malicious use prohibited; this site may use cookies and collect identifying information. See terms. The Jeopardy! game show and all elements thereof, including but not limited to copyright and trademark thereto, are the property of Jeopardy Productions, Inc. and are protected under law. This website is not affiliated with, sponsored by, or operated by Jeopardy Productions, Inc. Join the discussion at JBoard.tv.